000 00529nam a22001697a 4500
003 BD-ChCU
005 20260405093251.0
008 260405b bg ||||| |||| 00| 0 ben d
040 _cBD-ChCU
082 _a607.73 TEC
245 _aTechnology in America :
_ba history of individuals & ideas.//
_cCarroll W. Pursell. ed
260 _aWashington.
_ba voice of America forum series.
_c1980
300 _a265p
650 0 _aTechnology, Study and Teaching.
_921100
700 _aCarroll W. Pursell. ed.
_921098
942 _2ddc
_cBK
_n0
999 _c112024
_d112024